Accounting and finance in China second edition : a review of current practice.

Bibliographic Details
Main Author: Tang, Yun Wei
Other Authors: Chow, Lynne, Cooper, Barry J.
Format: Book
Published: Quarry Bay, H.K.: Longman, 1994.
Edition:2nd ed..
Subjects:
LEADER 00629cam a2200217 7i4500
001 0000004417
005 19991025090000.0
002 ##000005909
020 0 0 |a 962-00-0556-2  
090 0 0 |a CHIN 657   |b TAN 
100 1 0 |a Tang, Yun Wei  
245 1 0 |a Accounting and finance in China second edition :   |b a review of current practice. 
250 0 0 |a 2nd ed.. 
260 0 0 |a Quarry Bay, H.K.:   |b Longman,   |c 1994. 
300 0 0 |a 259 p.. 
650 0 0 |a Finance --   |z China  
650 0 0 |a Accounting --   |z China  
651 0 0 |a China  
700 1 1 |a Chow, Lynne  
700 1 1 |a Cooper, Barry J.  
999 |a 0000006653  |b Book  |c Open shelf  |e Business Information Centre